000 00556nam a2200229Ia 4500
003 OSt
005 20221005124717.0
006 a|||||r|||| 00| 0
007 ta
008 221004b |||||||| |||| 00| 0 kan d
024 _a60936
037 _cTextual
040 _aCRL
_cCRL
_bkan
041 _2kan
_akan
082 _aO33,3NVI,1, L7
100 _aVijaya D Au.
_9635684
245 0 _aNayasena
260 _c1977
650 _aKANNAD FICTION
942 _hO33,3NVI,1, L7
_cTEXL
_2cc
999 _c1051392
_d1051392